Yorkshire RHA v Fairclough Building Ltd and another (Record no. 6844)

MARC details
000 -LEADER
fixed length control field 01336cab a2200229 4500
001 - CONTROL NUMBER
control field ABS54491
008 - FIXED-LENGTH DATA ELEMENTS--GENERAL INFORMATION
fixed length control field 090401t1996 xxu||||| |||| 00| 0 eng d
035 ## - SYSTEM CONTROL NUMBER
System control number (Sirsi) u10765
041 ## - LANGUAGE CODE
Language code of text/sound track or separate title eng
245 ## - TITLE STATEMENT
Title Yorkshire RHA v Fairclough Building Ltd and another
260 ## - PUBLICATION, DISTRIBUTION, ETC.
Date of publication, distribution, etc. 1996
350 ## - PRICE (NR) (BK AM CF MU VM SE) [OBSOLETE]
Price 0
490 ## - SERIES STATEMENT
Series statement All England Law Reports
Volume/sequential designation (1996) 1 All ER, 519-531(9)
520 ## - SUMMARY, ETC.
Summary, etc. CA 1 November 1995. The court below had allowed Y`s application to join the NHS trust who had taken over buildings it had had constructed by F, in order to carry on proceedings against F and T (a firm of architects) for defects (ABS51698). T appealed, contending that RSC Order 15 - under which Y`s application was granted - did not apply, since the Limitation Act 1980 provided no `new claim` (defined to include substitution of a new party) could be made in the course of proceedings after the expiry of the limitation period. Appeal dismissed - substitution of the trust for the plaintiff was not a `new claim` under s35 of the 1980 Act, therefore expiry of limitation period need not be considered.
650 ## - SUBJECT ADDED ENTRY--TOPICAL TERM
Topical term or geographic name entry element LIMITATION ACT 1980
650 ## - SUBJECT ADDED ENTRY--TOPICAL TERM
Topical term or geographic name entry element LIMITATION PERIOD
650 ## - SUBJECT ADDED ENTRY--TOPICAL TERM
Topical term or geographic name entry element RSC ORDER 15
650 ## - SUBJECT ADDED ENTRY--TOPICAL TERM
Topical term or geographic name entry element YORKSHIRE RHA V FAIRCLOUGH BUILDING LTD AND ANOTHER
690 ## - LOCAL SUBJECT ADDED ENTRY--TOPICAL TERM (OCLC, RLIN)
Topical term or geographic name as entry element BUILDING AND CONSTRUCTION-CASE LAW
942 ## - ADDED ENTRY ELEMENTS (KOHA)
Suppress in OPAC 0
948 ## - LOCAL PROCESSING INFORMATION (OCLC); SERIES PART DESIGNATOR (RLIN)
c (OCLC) 04/03/1997
Holdings
Withdrawn status Lost status Source of classification or shelving scheme Damaged status Not for loan Home library Current library Shelving location Date acquired Total Checkouts Full call number Barcode Date last seen Copy number Price effective from Koha item type
    Dewey Decimal Classification     London London Journal article 14/09/1999   ABS54491 10765-1001 06/08/2019 1 06/08/2019 Law report